Notes on cobordism theory
Αποθηκεύτηκε σε:
| Κύριος συγγραφέας: | |
|---|---|
| Μορφή: | Βιβλίο |
| Γλώσσα: | English |
| Δημοσίευση: |
Princeton, N.J. :
Princeton University Press,
1968
|
| Σειρά: | Mathematical notes (Princeton University Press)
|
| Θέματα: | |
| Ετικέτες: |
Προσθήκη ετικέτας
Δεν υπάρχουν, Καταχωρήστε ετικέτα πρώτοι!
|
MARC
| LEADER | 00000cam a2200000 i 4500 | ||
|---|---|---|---|
| 001 | 1/12037 | ||
| 008 | 110217s1968 eng d | ||
| 035 | |l 10109636 | ||
| 040 | |a GR-MY-UA |b gre |e aacr | ||
| 041 | 0 | |a eng | |
| 082 | 0 | |a 514.72 |2 (22) | |
| 100 | 1 | |a Stong, Robert E. | |
| 245 | 1 | 0 | |a Notes on cobordism theory / |c by Robert E. Stong |
| 260 | |a Princeton, N.J. : |b Princeton University Press, |c 1968 | ||
| 300 | |a ii, 354, 23, 25, viii σ. ; |c 24 εκ. | ||
| 490 | 1 | |a Mathematical notes (Princeton University Press) | |
| 504 | |a Bibliography: p. i-viii (5th group) | ||
| 650 | 0 | 0 | |a Cobordism theory. |
| 830 | 0 | |a Mathematical notes (Princeton University Press) | |
| 852 | |a INST |b SAMOS |c MAG |e 20110217 |h 514.72 STO |p 005300032989 |q 005300032989 |t BK |y 0 | ||
| 901 | |a BIBL3-2011-1 | ||
| 909 | |a Σ |b 166283 | ||
| 970 | |a ΓΟΥΒΑΛΑ |b ΒΑΣΩ |z 2011/02/17 | ||